Statistics for Random Asia Map Quiz

Click here to take the quiz!

General Stats

  • This quiz has been taken 696 times
  • The average score is 9 of 10

Answers on the Map

Answers color-coded by a green-red scale on the quiz's map according to % correct below.
 

Answer Stats

Answer% Correct
China
97%
India
94%
Iraq
94%
Nepal
94%
South Korea
94%
Lebanon
92%
Myanmar
92%
Saudi Arabia
92%
Cambodia
91%
Indonesia
91%
Japan
91%
Kazakhstan
91%
Malaysia
91%
Mongolia
91%
Sri Lanka
91%
Yemen
91%
Laos
90%
Pakistan
90%
Syria
90%
Azerbaijan
89%
East Timor
89%
Kyrgyzstan
89%
Oman
89%
Vietnam
89%
Armenia
88%
Kuwait
88%
North Korea
88%
Turkey
88%
United Arab
Emirates
88%
Israel
86%
Afghanistan
85%
Bangladesh
85%
Bhutan
85%
Qatar
85%
Singapore
85%
Tajikistan
85%
Turkmenistan
85%
Bahrain
84%
Taiwan
84%
Philippines
83%
Maldives
82%
Thailand
82%
Uzbekistan
82%
Brunei
78%
Cyprus
78%
Iran
78%
Jordan
78%
Georgia
77%

Score Distribution

Percentile by Number Answered

Percent of People with Each Score

Your Score History

You have not taken this quiz